Tatal factor productivity analysis: A disaggregated study of the posi- war Japanese economy with explicit consideration of intermediate

Đã lưu trong:
書目詳細資料
格式: 圖書
語言:Undetermined
出版: England University Microfilms International 1975
主題:
標簽: 添加標簽
沒有標簽, 成為第一個標記此記錄!
Thư viện lưu trữ: Trung tâm Học liệu Trường Đại học Cần Thơ
LEADER 00539nam a2200169Ia 4500
001 CTU_85695
008 210402s9999 xx 000 0 und d
082 |a 338 
082 |b T216 
245 0 |a Tatal factor productivity analysis: 
245 2 |b A disaggregated study of the posi- war Japanese economy with explicit consideration of intermediate 
260 |a England 
260 |b University Microfilms International 
260 |c 1975 
650 |a Production 
904 |i Năm 
980 |a Trung tâm Học liệu Trường Đại học Cần Thơ